| 000 | 00854cab a2200217 4500 | ||
|---|---|---|---|
| 001 | ABS57252 | ||
| 008 | 090401t1997 xxu||||| |||| 00| 0 eng d | ||
| 035 | _a(Sirsi) u79776 | ||
| 041 | _aeng | ||
| 100 | _aMaguire, J. | ||
| 245 | _aListless approach proves damaging | ||
| 260 | _c1997 | ||
| 350 | _a0 | ||
| 490 |
_aProperty Week _v60(3) 18 July 1997, 21(1) |
||
| 520 | _aExplains how lists of deletious materials to be excluded from construction projects have grown to unregulated lengths due to a lack of technical justification and the debate being led by the legal process rather than the building process. Reviews a report by the BCO "Good practice in the selection of construction materials". | ||
| 650 | _aBCO | ||
| 650 | _aDELETERIOUS MATERIALS | ||
| 690 | _aBUILT ENVIRONMENT-BUILDING INSPECTION | ||
| 942 | _n0 | ||
| 948 | _c22/07/1997 | ||
| 999 |
_c50187 _d50187 |
||